[Event "NOR-ch 2018"]
[Site "Moss"]
[Date "2018.07.06"]
[Round "1"]
[White "Hammer, Jon Ludvig"]
[Black "Hauge, Lars Oskar"]
[Result "1-0"]
[WhiteElo "2631"]
[BlackElo "2434"]
[Annotator "ChessBase"]
[PlyCount "81"]
[EventDate "2018.07.06"]
[EventCountry "NOR"]
[SourceTitle "playchess.com"]
[Source "ChessBase"]
[SourceQuality "1"]

1. Nf3 c5 2. g3 Nc6 3. Bg2 g6 4. c3 Bg7 5. d4 cxd4 6. cxd4 d5 7. Nc3 Bg4 8. Ne5 Nxe5 9. dxe5 Bxe5 10. Bxd5 Nf6 11. Bxb7 Qxd1+ 12. Nxd1 Rb8 13. Bc6+ Nd7 14. Bh6 Be6 15. f4 Bd4 16. e3 Bf6 17. Rf1 Rc8 18. Ba4 Rc5 19. Rf2 Kd8 20. Rc2 Ra5 21. Rac1 Nb6 22. Rd2+ Rd5 23. Bb5 Rxd2 24. Kxd2 Bxa2 25. e4 e5 26. Ra1 Be6 27. Rxa7 Nc8 28. Ra6 Ke7 29. Nc3 Rd8+ 30. Kc2 exf4 31. gxf4 Bd4 32. e5 f6 33. Ne4 Bf5 34. Bd3 Bxb2 35. Rxf6 Ba3 36. Bg5 Ke8 37. Bb5+ Bd7 38. Re6+ Kf8 39. Bh6+ Kf7 40. Ng5+ Kg8 41. Bxd7 1-0

[Event "NOR-ch 2018"]
[Site "Moss"]
[Date "2018.07.06"]
[Round "1"]
[White "Agdestein, Simen"]
[Black "Haldorsen, Benjamin"]
[Result "1/2-1/2"]
[WhiteElo "2581"]
[BlackElo "2423"]
[Annotator "TA"]
[PlyCount "110"]
[EventDate "2018.07.06"]
[EventCountry "NOR"]
[SourceTitle "playchess.com"]
[Source "ChessBase"]
[SourceQuality "1"]

{[%evp 22,110,0,0,0,0,0,0,0,0,0,0,0,0,0,0,0,0,0,0,0,0,0,0,0,0,0,0,44,47,138,138,138,138,139,113,112,112,112,112,118,116,116,116,166,68,131,132,181,75,75,75,72,71,72,70,63,63,62,62,71,62,62,62,62,62,59,46,43,49,49,38,56,56,54,8,22,22,21,0,0,0,0,0,0,-16,0,0,0,-16,0]} 1. c4 e6 2. Nf3 Nf6 3. g3 d5 4. b3 Be7 5. Bg2 O-O 6. O-O c5 7. Bb2 Nc6 8. e3 d4 9. exd4 cxd4 10. Re1 Re8 11. a3 a5 12. d3 {LiveBook: 44 Games} Bd6 {A14: English Opening: 1...e6 with b3 by White} (12... Bc5 13. Ne5 Nxe5 14. Rxe5 Qd6 15. Re1 Rb8 16. Nd2 Bd7 17. Ne4 Nxe4 18. Rxe4 e5 19. Qh5 b5 20. f4 bxc4 21. fxe5 {0-1 (37) Szabo,G (2560)-Kantor,G (2518) Budapest 2018}) 13. Nxd4 Nxd4 14. Bxd4 Bxg3 $1 15. hxg3 Qxd4 16. Nd2 Qxd3 17. Ne4 $146 ({Predecessor:} 17. c5 Qb5 18. Qc2 Bd7 19. Ne4 Nxe4 20. Bxe4 {½-½ (52) Stephen (2049)-Martinez,C (1957) FICGS email 2010}) 17... Qxd1 18. Nxf6+ gxf6 19. Raxd1 Kf8 20. c5 $36 {[%mdl 2048] White is pushing.} Ke7 21. b4 axb4 22. axb4 Ra4 23. b5 Ra5 24. Rb1 f5 25. Rec1 Bd7 (25... e5 $14) 26. Bxb7 $16 Bxb5 27. c6 Bd3 28. Rb4 Be4 {[#]} 29. Rxe4 $1 {[%mdl 512]} fxe4 {[%mdl 4096] Endgame KRR-KRB} 30. c7 Ra3 31. c8=Q Rxc8 32. Bxc8 {KRB-KR} e3 33. f3 (33. f4 $1 $18) 33... Kd6 ({Black should play} 33... h5 $14) 34. Bb7 f5 {[#]} 35. Kf1 (35. f4 $1 $18 {is more deadly.}) 35... Ra7 {[#]} 36. Bc8 $1 Ra2 37. Ke1 {Strongly threatening Rc3.} Rg2 38. Rd1+ Ke7 $1 39. Rd7+ Kf6 40. Rd6 Rxg3 41. Rxe6+ Kg5 42. Rxe3 {And now Kf2 would win.} Kf4 43. Kf2 Rh3 44. Rb3 Rh2+ 45. Kf1 Rc2 46. Ba6 h5 {[%cal Bh7h5,Bh5h4,Bh4h3,Bh3h2][%mdl 32]} 47. Be2 Kg3 {Threatens to win with ...Rc1+.} 48. Bd1 (48. f4+ $5 Kxf4 49. Bd3 $11) 48... Rc1 {The position is equal.} 49. Ke2 h4 50. Rb5 h3 {White must now prevent ...h2.} 51. Rxf5 {aiming for Rg5+.} h2 52. Rh5 Rc4 53. Kf1 Rc1 (53... Rd4 $5 {[%cal Rd4d1]} 54. Bb3 Rd3 $11) 54. Ke2 Rc4 {Hoping for ...Rh4.} 55. Kf1 Rc1 {Precision: White = 66%, Black = 60%.} 1/2-1/2

[Event "NOR-ch 2018"]
[Site "Moss"]
[Date "2018.07.06"]
[Round "1"]
[White "Christiansen, Johan-Sebastian"]
[Black "Kaasen, Tor Fredrik"]
[Result "1-0"]
[WhiteElo "2506"]
[BlackElo "2396"]
[Annotator "ChessBase"]
[PlyCount "77"]
[EventDate "2018.07.06"]
[EventCountry "NOR"]
[SourceTitle "playchess.com"]
[Source "ChessBase"]
[SourceQuality "1"]

1. Nf3 Nf6 2. c4 g6 3. g3 Bg7 4. Bg2 d6 5. O-O O-O 6. d4 Nbd7 7. Nc3 e5 8. b3 Re8 9. e4 c6 10. h3 a6 11. Be3 b5 12. dxe5 dxe5 13. Qc2 Bb7 14. Rfd1 Qc7 15. c5 Nf8 16. Rd6 Ne6 17. Rad1 Bf8 18. b4 a5 19. a3 Bxd6 20. cxd6 Qb8 21. Nxe5 Rd8 22. Nf3 axb4 23. axb4 Nd7 24. h4 c5 25. Bh3 cxb4 26. Bxe6 fxe6 27. Qb3 Nf8 28. Qxb4 Qc8 29. Bg5 Re8 30. Nxb5 Qc2 31. Nc3 Ra2 32. Rd2 Qc1+ 33. Kg2 Ra1 34. Rd1 Qa3 35. Qxb7 Qxc3 36. d7 Ra3 37. dxe8=Q Qxf3+ 38. Kh3 Qxf2 39. Qxf8+ 1-0

[Event "NOR-ch 2018"]
[Site "Moss"]
[Date "2018.07.06"]
[Round "1"]
[White "Elsness, Frode"]
[Black "Gronn, Atle"]
[Result "0-1"]
[WhiteElo "2468"]
[BlackElo "2352"]
[Annotator "TA"]
[PlyCount "88"]
[EventDate "2018.07.06"]
[EventCountry "NOR"]
[SourceTitle "playchess.com"]
[Source "ChessBase"]
[SourceQuality "1"]

{[%evp 13,88,-31,-35,-30,-22,-74,-45,-85,-78,-86,-76,-93,-86,-115,-83,-227,-229,-226,-228,-272,-194,-188,-192,-189,-174,-173,-156,-160,-174,-193,-176,-260,-263,-245,-226,-218,-166,-204,-207,-255,-239,-303,-142,-93,-28,-100,-55,-89,-30,-39,-34,-40,-27,-27,-27,-70,-72,-80,-83,-79,0,0,0,0,0,-188,-161,-2133,-1643,-1562,-1469,-12841,-12842,-12843,-12843,-12844,-12844]} 1. d4 d5 2. c4 c6 3. Nf3 Nf6 {[%cal Bg8f6,Bf6e4,Be4c3,Bc3e2][%mdl 32]} 4. e3 e6 5. b3 Bb4+ 6. Nbd2 {D30: Queen's Gambit Declined: Systems without Nc3} Ne4 7. Bb2 Qf6 {LiveBook: 7 Games} 8. Bc1 $146 {Black is slightly better.} ({Predecessor:} 8. Qe2 dxc4 9. bxc4 O-O 10. O-O-O Bxd2+ 11. Rxd2 Nxd2 12. Qxd2 Qe7 13. Bd3 {½-½ (30) Eljanov,P (2697)-Zherebukh,Y (2590) Khanty-Mansiysk 2011}) 8... c5 {Strongly threatening ...cxd4.} 9. cxd5 (9. Bd3 $11 {keeps the balance.}) 9... exd5 $17 {White must now prevent ...cxd4.} 10. Bb5+ Nc6 $1 {Hoping for ...0-0.} 11. O-O Nc3 12. Bxc6+ bxc6 13. Qe1 Ba6 $36 {[%mdl 2048] Black is on the roll.} 14. a3 (14. Bb2 $17) 14... Ne2+ $1 $19 ({Inferior is} 14... Bxf1 15. Nxf1 cxd4 16. exd4+ (16. axb4 d3 $16) 16... Qe7 17. Ne3 $18 (17. axb4 Qxe1 18. Nxe1 Ne2+ 19. Kh1 Nxd4 $16)) 15. Kh1 Bc3 $1 {[%csl LRa1,LRd4]} 16. Ra2 Nxc1 17. Qxc1 Bxd2 $1 ({Don't play} 17... cxd4 18. Re1 $15) ({Don't do} 17... Bxf1 18. Nxf1 Ba5 19. Qxc5 $15) 18. Rxd2 Bxf1 19. Qxf1 O-O 20. dxc5 Qc3 21. Qb1 Qxc5 22. Ng5 (22. Nd4 {is a better defense.}) 22... g6 23. Qb2 Qe7 24. Nf3 Rfe8 25. h3 Rab8 26. Nd4 Rb6 27. b4 Qf6 (27... c5 $19 {is more deadly.} 28. Nc2 d4 $1 {[%mdl 512]} 29. exd4 cxb4 30. axb4 a5 $1 {[%mdl 512]}) 28. Qc1 $17 {[#]} Rd8 (28... a5 $1 $17 {...Reb8 is the strong threat.} 29. bxa5 Ra6) 29. Nb3 (29. Rc2 $11) 29... Kg7 30. Kg1 {[#]} Re8 ({Black should try} 30... a5 $1 $17 31. Nxa5 d4) 31. Rc2 $11 Re4 (31... Rc8 {is interesting.} 32. Nd4 a6 33. Rc5 h6 34. Rxd5 cxd5 35. Qxc8 Qe7) 32. Nd4 Rxd4 33. exd4 Qxd4 34. Rxc6 Rxc6 35. Qxc6 $15 {[%mdl 4096] Endgame KQ-KQ} Qa1+ 36. Kh2 Qe5+ (36... Qxa3 $17 37. Qc5 Qb2) 37. g3 $11 d4 {[%cal Bd5d4,Bd4d3,Bd3d2][%mdl 32]} 38. Qf3 h5 39. a4 $2 (39. Kg2 $11) 39... Qd6 $19 40. b5 $2 (40. Qb3) 40... d3 {Black is clearly winning.} 41. Qd1 d2 42. Kg1 Qd4 43. Kg2 Qe4+ 44. Kf1 Qc4+ {Precision: White = 31%, Black = 51%.} 0-1

[Event "NOR-ch 2018"]
[Site "Moss"]
[Date "2018.07.06"]
[Round "1"]
[White "Holm, Kristian Stuvik"]
[Black "Moen, Andreas G R"]
[Result "1-0"]
[WhiteElo "2453"]
[BlackElo "2317"]
[Annotator "TA"]
[PlyCount "97"]
[EventDate "2018.07.06"]
[EventCountry "NOR"]
[SourceTitle "playchess.com"]
[Source "ChessBase"]
[SourceQuality "1"]

{[%evp 23,97,33,42,33,37,20,68,61,68,66,109,100,106,70,63,68,68,41,37,28,57,22,27,25,16,44,42,40,38,0,8,2,56,0,0,0,0,0,0,0,0,0,0,0,16,0,0,-25,-21,-25,0,-8,-8,-11,29,29,28,33,153,156,153,174,174,156,162,144,295,184,168,176,178,175,308,296,298,293]} 1. c4 Nf6 2. Nf3 e6 3. Nc3 Bb4 4. Qc2 O-O 5. a3 Bxc3 6. Qxc3 d6 7. b4 Nbd7 8. Bb2 b6 9. g3 Bb7 10. Bg2 Qe7 11. O-O c5 12. d3 Rac8 {LiveBook: 12 Partien} 13. Rfe1 {A17: Englische Eröffnung} (13. e4 Rfd8 14. Rae1 Nf8 15. b5 Ng6 16. a4 a5 17. h3 h6 18. Nh2 Qf8 19. Qd2 Ne8 20. f4 d5 21. exd5 exd5 {1-0 (34) Bocharov,D (2583)-Socko,B (2593) Riadh 2017}) 13... Rfd8 14. e3 Rc7 $146 ({Vorgänger:} 14... a6 15. e4 Ne8 16. h4 f6 17. Qb3 Nc7 18. d4 Rb8 19. Rad1 e5 20. dxc5 bxc5 {½-½ (42) Horberg,B-Fridh,A Karlskrona 1963}) 15. b5 {Weiß steht etwas besser.} a5 16. e4 Qf8 17. Nh4 Ne5 18. Qd2 Ng6 $1 19. Nxg6 hxg6 20. Qg5 Nh7 21. Qf4 g5 22. Qg4 (22. Qe3 {is more complex.} f6 23. Rad1 e5 24. f4 gxf4 25. gxf4 Qe8 26. Qg3) 22... f5 23. exf5 Bxg2 24. Kxg2 Qxf5 25. Qxf5 exf5 26. Re6 Kf7 $132 {[%mdl 2048] Schwarz is not keeping still} 27. Rae1 Nf8 (27... g4 $11) 28. R6e2 (28. R6e3 $1 $14) 28... Ng6 $11 29. d4 (29. a4 {with more complications.} d5 30. Re6 dxc4 31. dxc4 Rb7 32. Rc6) 29... cxd4 $1 30. Bxd4 Rxc4 31. Bxb6 Rb8 32. Bxa5 Rxb5 33. Bb4 Rd5 34. Re6 Rc6 35. Re8 Ne5 36. Rd8 Nd3 37. Rd7+ Kf6 38. Ree7 Nxb4 39. Rf7+ Kg6 {[#] Und ...Sd3 würde nun gewinnen.} 40. Rxg7+ Kh6 (40... Kf6 $14) 41. axb4 $16 {[%mdl 4096] Endspiel KTT-KTT} Re5 42. Rh7+ Kg6 43. Rdg7+ Kf6 44. Rb7 {[%cal Rh7h6]} g4 $2 (44... Kg6 $16 {ist wohl besser.} 45. Rhg7+ Kf6) 45. h4 {[%cal Rh7h6]} gxh3+ 46. Kxh3 Re8 {[#]} 47. Rh6+ $1 Ke5 (47... Kg5 {war einen Versuch wert.} 48. Rbh7 f4 49. Rh5+ Kf6 50. R7h6+ (50. gxf4 Rc1 $18) 50... Ke7) 48. Rb5+ $18 Ke4 49. Rh4+ {Precision: Weiß = 64%, Schwarz = 46%.} 1-0

[Event "NOR-ch 2018"]
[Site "Moss"]
[Date "2018.07.06"]
[Round "1"]
[White "Vestby-Ellingsen, Mads"]
[Black "Tari, Aryan"]
[Result "0-1"]
[WhiteElo "2429"]
[BlackElo "2615"]
[Annotator "TA"]
[PlyCount "98"]
[EventDate "2018.07.06"]
[EventCountry "NOR"]
[SourceTitle "playchess.com"]
[Source "ChessBase"]
[SourceQuality "1"]

{[%evp 21,98,0,23,0,0,0,0,0,0,0,25,24,28,16,25,27,26,-20,-30,-24,-7,-11,-11,-27,0,0,0,0,0,0,0,-23,-23,-42,-48,-67,-62,-80,-76,-274,-149,-277,-269,-272,-266,-262,-253,-228,-213,-349,-349,-349,-349,-349,-349,-349,-349,-349,-349,-349,-349,-940,-924,-951,-888,-4706,-10496,-10555,-4810,-1147,-6108,-12841,-12842,-29991,-12843,-12843,-12843,-12844,-12843]} 1. d4 Nf6 2. c4 g6 3. Nc3 d5 4. cxd5 Nxd5 5. e4 Nxc3 6. bxc3 Bg7 7. Bg5 {D85: Exchange Grünfeld: Unusual White 7th moves and lines with 7 Nf3} (7. Bc4 c5 8. Ne2 Nc6 9. Be3 O-O 10. O-O b6 11. dxc5 Qc7 12. Nd4 Ne5 13. Nb5 Qb8 14. Be2 bxc5 15. Rb1 a6 16. Na3 Qc7 17. f4 Rd8 18. Qc2 Ng4 19. Bxg4 Bxg4 {1-0 (38) Karjakin,S (2782)-Vachier Lagrave,M (2789) Stavanger 2018}) 7... c5 8. Rc1 O-O 9. Nf3 Bg4 10. d5 Qd6 11. Be2 Nd7 {LiveBook: 22 Games} 12. O-O Bxf3 13. Bxf3 b5 14. Qd2 c4 {[#]} 15. Qe3 $146 Ne5 16. Be2 Nd7 17. f4 Rfe8 18. Bh4 e6 19. e5 exd5 20. Bf3 Qc6 21. Rcd1 Nb6 22. Qd4 {[%cal Rf3d5]} Bf8 23. Bxd5 Nxd5 24. Qxd5 Rac8 {[%cal Ba8c8,Bc8c6,Bc6c4][%mdl 32]} 25. Qxc6 Rxc6 26. Rb1 Rb8 27. Rfd1 b4 28. cxb4 c3 {[%cal Bc4c3,Bc3c2][%mdl 32]} (28... Rxb4 29. Rxb4 Bxb4 30. Rd8+ Kg7 31. Bf6+ Rxf6 32. exf6+ Kxf6 33. Rc8 $16) 29. Rdc1 Rc4 {[#] ...c2 is the strong threat.} 30. g3 $2 (30. Rc2 $17) 30... a5 (30... Rbxb4 31. Rxb4 Bxb4 32. Rc2 $11) (30... Bxb4 31. Be7 $17) (30... c2 $19 31. Rb2 Rbc8) 31. a3 ({Avoid the trap} 31. bxa5 $2 Rxb1 32. Rxb1 c2 $19) (31. Kf2 $17) 31... axb4 32. axb4 c2 ({Weaker is} 32... Rcxb4 33. Rxb4 Bxb4 34. Kf2 $11) ({And not} 32... Bxb4 33. Be7 $11) 33. Rb2 Rbc8 34. Bf6 h6 {[%cal Bh7h6,Bh6h5][%mdl 32]} 35. Kh1 (35. g4 {keeps fighting.}) 35... Bxb4 $19 36. Rcxc2 Rxc2 37. Rxb4 {[%mdl 4096] Endgame KRR-KRB} Re2 {[%cal Rc8c1]} 38. Rb1 Kh7 39. h4 h5 40. Ra1 Rcc2 41. Rb1 $2 {[#]} (41. Bg5) 41... g5 $1 {[%mdl 512]} 42. hxg5 (42. fxg5 Rh2+) 42... Kg6 43. e6 Rxe6 44. Be5 Kf5 45. Kg1 Kg4 46. Bb8 Ree2 47. Kf1 Rh2 (47... Rf2+ $142 48. Kg1 Rg2+ 49. Kf1 Rh2 50. Ba7 Kxg3 51. Bg1 Rh1 52. Rb3+ Kxf4 53. Rb7 Rc1+ 54. Kf2 Rcxg1 55. Rxf7+ Ke5 56. Re7+ Kf5 57. Rf7+ Kg6 58. Rd7 h4 59. Rd6+ Kxg5 60. Rd5+ Kg4 61. Ra5 Rf1+ 62. Ke2 h3 63. Ra8 Re1+ 64. Kd2 Ra1 65. Rg8+ Kf5 66. Rh8 h2 67. Rf8+ Ke6 68. Re8+ Kd7 69. Rh8 Rhd1+ 70. Ke3 h1=Q 71. Rxh1 Rxh1 72. Kf4 Ra4+ 73. Kg3 Ra3+ 74. Kf4 Ke6 75. Kg4 Kf6 76. Kf4 Rh4#) 48. Ba7 Rh1+ 49. Bg1 Kh3 {Precision: White = 31%, Black = 84%.} 0-1

[Event "NOR-ch 2018"]
[Site "Moss"]
[Date "2018.07.06"]
[Round "1"]
[White "Haug, Johannes"]
[Black "Urkedal, Frode Olav Olsen"]
[Result "0-1"]
[WhiteElo "2403"]
[BlackElo "2552"]
[Annotator "TA"]
[PlyCount "58"]
[EventDate "2018.07.06"]
[EventCountry "NOR"]
[SourceTitle "playchess.com"]
[Source "ChessBase"]
[SourceQuality "1"]

{[%evp 23,58,5,5,4,5,-49,-56,-54,-47,-63,-38,-81,-76,-69,-72,-78,-80,-113,-120,-117,-108,-171,-162,-171,-157,-147,-152,-176,-151,-266,-264,-672,-670,-663,-659,-1751,-1708]} 1. d4 Nf6 2. c4 e6 3. Nf3 b6 4. g3 Ba6 5. Nbd2 Bb4 6. Qc2 Bb7 7. Bg2 c5 8. a3 Be4 9. Qd1 Bxd2+ 10. Qxd2 cxd4 11. O-O Bxf3 12. Bxf3 {E00: Catalan Bogo-Indian (3 g3 Bb4+)} Nc6 {LiveBook: 7 Games} 13. Rd1 (13. b3 O-O 14. Bb2 Qe7 15. Bxd4 Nxd4 16. Qxd4 Rad8 17. Rfc1 e5 18. Qb2 e4 19. Bg2 d5 {½-½ (33) Postny,E (2569)-Efimenko,Z (2636) Germany 2017}) 13... e5 14. Qg5 $146 (14. b4 $11) ({Predecessor:} 14. Bxc6 dxc6 15. Qg5 Qe7 16. Qxg7 Rg8 17. Qh6 Rg6 18. Qh3 Rd8 19. b4 Ne4 {0-1 (60) Olsson,L (2269)-Palo,D (2510) Hallsberg 2004}) 14... h6 $15 15. Qf5 ({Not} 15. Qxg7 $2 Rh7 $19) 15... Qe7 16. b4 Rc8 17. e3 O-O 18. Bb2 {[%cal Re3d4]} dxe3 19. fxe3 Rfe8 20. Rd2 a5 21. b5 Nd8 $1 {[%cal Bc6d8,Bd8e6,Be6g5,Bg5h3][%mdl 32]} 22. Rad1 (22. Rc2 $17) 22... Rxc4 $19 23. Rd6 Rc5 {aiming for ...e4.} 24. Rxb6 Ne6 25. a4 {[#]} Rc4 $1 {White must now prevent ...Qc5.} 26. Qxe5 {[#]} (26. Rbd6 $17 {was called for.}) 26... Qb4 $1 27. Ba1 $2 (27. Rb8 Nd8 28. Rxd8 Rxd8 29. Bd4) 27... Ng5 {Black is clearly winning.} 28. Qf5 Rc5 29. Qf4 Nh3+ {Precision: White = 30%, Black = 100%.} 0-1

[Event "NOR-ch 2018"]
[Site "Moss"]
[Date "2018.07.06"]
[Round "1"]
[White "Mihajlov, Sebastian"]
[Black "Notkevich, Benjamin Arvola"]
[Result "1/2-1/2"]
[WhiteElo "2385"]
[BlackElo "2471"]
[Annotator "TA"]
[PlyCount "73"]
[EventDate "2018.07.06"]
[EventCountry "NOR"]
[SourceTitle "playchess.com"]
[Source "ChessBase"]
[SourceQuality "1"]

{[%evp 9,73,33,52,16,29,0,58,7,5,5,53,10,39,29,27,39,25,35,43,40,61,39,40,43,58,10,10,12,47,49,97,56,66,62,58,43,39,16,13,14,0,3,22,22,16,16,18,14,43,40,75,75,83,-301,5094,-290,123,-311,-208,-379,-266,-829,-404,-828,-227,-782]} 1. d4 f5 2. c4 Nf6 3. g3 e6 4. Bg2 c6 5. Nd2 (5. Nh3 d5 6. O-O Bd6 7. Bf4 Be7 8. Qc2 O-O 9. Rd1 h6 10. Nc3 Qe8 11. Rac1 g5 12. Be5 Nbd7 13. f3 Nxe5 14. dxe5 Nd7 15. f4 dxc4 16. Nb1 gxf4 17. gxf4 {½-½ (55) Aronian,L (2792)-Carlsen,M (2855) Leuven 2016}) 5... Be7 {LiveBook: 4 Games} 6. Nh3 {A90: Dutch Defence: Miscellaneous and Modern Stonewall (with ...Bd6)} d6 7. e4 Qb6 (7... e5 $11) 8. exf5 $146 (8. Qc2 $14) ({Predecessor:} 8. e5 dxe5 9. dxe5 Ng4 10. Qe2 Qa5 11. b3 Qxe5 12. Qxe5 Nxe5 13. Ke2 O-O {½-½ (50) Luig,B-Meyer,S (2080) Wiesbaden 1998}) 8... Qxd4 $11 9. fxe6 {With the idea 0-0.} Bxe6 10. Qe2 Bf5 11. Nf4 {[%cal Bh3f4,Bf4e2,Be2d4][%mdl 32]} Qe5 12. O-O Qxe2 13. Nxe2 O-O 14. Nd4 $36 {[%mdl 2048] Black is under pressure.} Bg4 15. h3 Bd7 16. Re1 Bd8 17. N2f3 {[%cal Bd2f3,Bf3e5,Be5c4,Bc4d6][%mdl 32]} Na6 18. Bf4 d5 19. Ne5 {[#] Black must now prevent cxd5.} dxc4 20. Nxc4 Bc7 21. Bxc7 Nxc7 22. Nd6 Rab8 23. Re7 Rfd8 24. N4f5 (24. Rd1 {feels hotter.} Ncd5 25. Ree1 Be8 26. Nxe8 Rxe8 27. Nb3) 24... Bxf5 25. Nxf5 Rd7 26. Rxd7 Nxd7 27. Rd1 Nf6 28. Nd6 Rd8 {[#] And now ...Nce8 would win.} 29. Bf3 b6 30. Bxc6 Nce8 31. Nxe8 $2 {[%mdl 8192]} (31. Bd5+ $1 $16 {is forced if you want to stay better.} Nxd5 32. Nxe8) 31... Rd7 $4 {[%mdl 8192]} (31... Rxd1+ $19 32. Kg2 Nxe8 33. Bxe8 Rd2) 32. Nc7 $4 {[%mdl 8192]} (32. Nxf6+ $18 {was the only winning move.} gxf6 33. Rxd7) 32... Rxc7 $2 (32... Rxd1+ $19 33. Kg2 Rd2) 33. Rd5 $2 {[%mdl 8192]} (33. Ba4 $16 {and life is bright.}) 33... Kf7 ({Weaker is} 33... Nxd5 34. Bxd5+ Kf8 35. b3 $17) 34. a4 $2 (34. Ba8 Nxd5 35. Bxd5+ Kf6 36. b3) 34... Ke6 ({Less strong is} 34... Nxd5 35. Bxd5+ Kf6 36. Kg2 $17) 35. b4 $2 (35. Rg5 Rxc6 36. Rxg7) 35... g6 (35... Nxd5 $142 36. b5 a5) 36. Kg2 (36. Rd8 $142 Rxc6 37. Kg2) 36... h5 $2 (36... Nxd5 37. b5 a5) 37. Re5+ $2 {[%mdl 32768] Precision: White = 31%, Black = 53%. . An unexpected result.} (37. Rg5 Rxc6 38. Rxg6) 1/2-1/2

[Event "NOR-ch 2018"]
[Site "Moss"]
[Date "2018.07.06"]
[Round "1"]
[White "Hole, Oystein"]
[Black "Johannessen, Leif Erlend"]
[Result "0-1"]
[WhiteElo "2324"]
[BlackElo "2462"]
[Annotator "ChessBase"]
[PlyCount "64"]
[EventDate "2018.07.06"]
[EventCountry "NOR"]
[SourceTitle "playchess.com"]
[Source "ChessBase"]
[SourceQuality "1"]

1. Nf3 d5 2. d4 Nf6 3. c4 e6 4. Nc3 Bb4 5. e3 O-O 6. a3 Bxc3+ 7. bxc3 b6 8. Be2 Ba6 9. cxd5 exd5 10. O-O Qc8 11. a4 Ne4 12. Bxa6 Qxa6 13. Qb3 Rd8 14. Nd2 Nxd2 15. Bxd2 Qd3 16. Rfd1 Nc6 17. Be1 Qe2 18. c4 dxc4 19. Qb5 Rd6 20. Rdc1 Rg6 21. Qxc4 Qf3 22. Qf1 Re8 23. Rc3 Ne7 24. Rxc7 Nf5 25. Rac1 Nh4 26. g3 Qe4 27. Qh3 Nf3+ 28. Kf1 Nxd4 29. Qg2 Qd3+ 30. Kg1 Ne2+ 31. Kh1 Nxc1 32. Rxc1 h6 0-1

[Event "NOR-ch 2018"]
[Site "Moss"]
[Date "2018.07.06"]
[Round "1"]
[White "Hobber, Anders"]
[Black "Ostenstad, Berge"]
[Result "0-1"]
[WhiteElo "2312"]
[BlackElo "2447"]
[Annotator "NA"]
[PlyCount "74"]
[EventDate "2018.07.06"]
[EventCountry "NOR"]
[SourceTitle "playchess.com"]
[Source "ChessBase"]
[SourceQuality "1"]

1. d4 Nf6 2. Nf3 g6 3. Nc3 d5 4. Bf4 Bg7 5. Nb5 Na6 6. e3 O-O 7. h3 c6 8. Nc3 Qb6 9. Rb1 c5 10. Be5 cxd4 11. exd4 e6 12. Bd3 Nb4 13. O-O Bd7 14. Re1 Rfc8 15. Bf1 Be8 16. a3 Nc6 17. Bf4 Nh5 18. Be3 Na5 19. Ne5 Qd8 20. Qf3 a6 21. g4 Nf6 22. Bg5 h6 23. Bh4 b5 24. b4 Nb7 25. Rbc1 Nd6 26. Nd1 Nde4 27. Qd3 g5 28. Bg3 Nxg3 29. Qxg3 Ne4 30. Qe3 Qf6 31. f3 Nd6 32. c3 a5 33. Nb2 Nc4 34. Nbxc4 bxc4 35. Be2 Qf4 36. Qxf4 gxf4 37. g5 hxg5 0-1